000 01745nam0a2200421 i 4500
001 RU\NLR\BIBL_A\011662208
005 20241103095625.0
010 _a9785911032999
035 _a(NLR Aleph) 011662208
090 _a11188260
_c11188260
100 _a20180321d2016 u y0rusy50 ca
101 1 _arus
_ceng
102 _aRU
105 _aa|||z|||001zy
200 1 _aДолг: первые 5000 лет истории
_fДэвид Гребер
_g[перевод с английского: Александр Дунаев]
210 _aМосква
_cАд Маргинем Пресс
_cАлександр Иванов, Михаил Котомин
_d2016
215 _a614 с.
_cил.
_d24
300 _aЗагл. и авт. ориг.: Debt / David Graeber
300 _aЗагл. корешка: Долг
300 _aНа обороте тит. л. авт.: Гребер Дэвид, антрополог, проф.
320 _aБиблиогр.: с. 570-614 и в тексте примеч. с. 486-551
320 _aУказ.: с. 552-569
454 0 _12001#$aDebt$fDavid Graeber
_1700#1$aGraeber$bD.$gDavid
_tDebt
_aGraeber, David
516 1 _aДолг
606 1 _aДолги
_9988156
_3RU\NLR\AUTH\66372882
606 1 _aКредит
_xИстория
_92482111
_3RU\NLR\AUTH\661473359
606 _aМеновая торговля
_91588336
_3RU\NLR\AUTH\66697801
606 _aЭкономическая история
_91013597
_3RU\NLR\AUTH\66386241
686 _a63.3(0)-2
_vLBC/PL
_2rubbk
686 _a65.262-03
_vLBC/PL
_2rubbk
686 1 _aУ26(0)22
686 1 _aУ03(0)
686 1 _aУ010.1
700 1 _aГребер
_bД.
_gДэвид
942 _cBOOK
980 _aNBR